000 00278nam a22001097a 4500
003 OSt
008 250123b |||||||| |||| 00| 0 eng d
041 _aeng
100 _aBharat Singh
_95867
245 _aText Book of Social Engineering for Final Year Diploma Students
942 _cBK
999 _c19110
_d19110